000
00215 a2200097 4500
001
51382
100
_a
Singer F L
245
_a
Strength of Materials
260
_a
New York
_b
Harper & Row
_c
090
_c
32572
_d
32572
942
_a
NUST-CAE
_c
M
_c
25083
999
_c
286455
_d
286455